000 00425cam a22001577a 4500
001 002243
003 armpunfd
005 20140612090702.0
008 100414e0####xx#a##########000#0#und#d
040 _aarmpunfd
_carmpunfd
080 _a35 C 271
245 1 0 _aDerecho administrativo 1
260 _a Uenos Aires : Abeledo- Perrot
_b2008. Isbn : 978-950-20-1891-1. 555 P.
942 _cLB
_2cdu
945 _aCatalis
_d2010-08-19
999 _c2233
_d232737